| 000 | 00666nam a22002417a 4500 | ||
|---|---|---|---|
| 003 | BD-DhJNU | ||
| 005 | 20251118034807.0 | ||
| 008 | 251118b |||||||| |||| 00| 0 eng d | ||
| 020 | _a9781781602294 | ||
| 040 |
_aBD-DhJNU _bENG _cBD-DhJNU _dBD-DhJNU |
||
| 082 |
_223 _a759.9493 GRV |
||
| 100 | _aGritsai, Natalia | ||
| 245 |
_aVan Dyck (1599-1641) / _cNatalia Gritsai |
||
| 260 |
_aNew York : _bParkstone Press International, _c2013. |
||
| 300 |
_a255p. : _bill. ; _c17 cm. |
||
| 504 | _aIncludes index | ||
| 650 | _aArt History General | ||
| 650 | _aArt Modern | ||
| 650 | _aBelgium | ||
| 650 | _aBiographiesx | ||
| 650 | _aPainters | ||
| 942 |
_2ddc _cBK _n0 |
||
| 999 |
_c2376 _d2376 |
||